Movies at the Half-Hour Mark (1960s) Quiz Stats

 Plays Quiz Updated Aug 28, 2017

Score 0/20 Timer 05:00
0 Plays Today
% Correct
The Sound of Music
91.2%
Breakfast at Tiffany's
88.9%
The Graduate
87.2%
The Love Bug
84.5%
Dr. Strangelove or: How I Learned to Stop Worrying and Love the Bomb
80.7%
Planet of the Apes
73.1%
Cool Hand Luke
72.1%
A Hard Day's Night
68.8%
Lawrence of Arabia
67.4%
West Side Story
66.5%
% Correct
Easy Rider
62.5%
The Producers
57.5%
In the Heat of the Night
55.2%
The Apartment
47.7%
The Great Escape
36.8%
Mary Poppins
33.7%
It's a Mad, Mad, Mad, Mad World
30.6%
Once Upon a Time in the West
16%
Breathless
13.5%
The Ladies Man
2.8%

You're not logged in!

Compare scores with friends on all Sporcle quizzes.
OR
Log In

You Might Also Like...

Show Comments

Extras

Top Quizzes Today


Score Distribution

Your Account Isn't Verified!

In order to create a playlist on Sporcle, you need to verify the email address you used during registration. Go to your Sporcle Settings to finish the process.

Report this User

Report this user for behavior that violates our Community Guidelines.

Details: